Remote sensing of shelf sea hydrodynamics : Proceedings of the 15th International Liege Colloquium on Ocean Hydrodynamics./Liege,Belgium, 1983

Salvato in:
Dettagli Bibliografici
Natura: Libro
Lingua:inglese
Pubblicazione: Amsterdam : Elsevier, 1984
Serie:Elsevier Oceanography Series 38
Tags: Aggiungi Tag
Nessun Tag, puoi essere il primo ad aggiungerne!!

MARC

LEADER 00000nam a22000003a 4500
001 stu28935
005 20150408181132.2
008 950516s1984----ne------------------eng-d
020 |a 0-444-42314-1 
040 |a STU  |b slo 
041 0 |a eng 
044 |a ne 
080 |a 551.47 
245 |a Remote sensing of shelf sea hydrodynamics :  |b Proceedings of the 15th International Liege Colloquium on Ocean Hydrodynamics./Liege,Belgium, 1983 
260 |a Amsterdam :  |b Elsevier,  |c 1984 
300 |a 12,354 s 
830 0 |a Elsevier Oceanography Series  |v 38 
996 |b 284V026962  |c V*43379/O-18779  |l VVT  |s A  |a 24  |w stu28935_0001